LEADER 00926nam a2200229 i 4500 001 000000151527 003 CaOOAMICUS 005 20060704000000.0 008 060704s1982 it u000 u ita u 013 $a128865 040 $aSeMil$bita 100 1 $aGatti, Vincenzo <1935-2015>.$0(OLS)http://semarc/name/704 245 13$aIl discorso di Paolo ad Atene :$bstudio su Act. 17,22-31 /$cVincenzo Gatti. 260 $aBrescia :$bPaideia,$ccopyr. 1982. 300 $a298 p. ;$c21 cm. 490 0 $aStudi biblici ;$v60 500 $aContiene : Appendice ; Bibliografia. 830 0$aStudi biblici ;$v60.$0(OLS)http://semarc/title/33 850 $aSeMil 852 $aSeMil$W1$xVenegono$y1$m2WA A 60$j237534$B103554$CSeMilBibl$Z2$F112620 $81 996 $6245$aIl discorso di Paolo ad Atene :$bstudio su Act. 17,22-31$9(OLS)http://semarc/title/221445 996 $6260$aBrescia :$bPaideia$9(OLS)http://semarc/publisher/29614 LEADER 01321nam a2200253 i 4500 001 000000339234 003 CaOOAMICUS 005 20200204143915.0 008 200204s1805 it u000 u ita u 013 $a191224 026 $aa-in heo- a,go EiSt (3) 1805 (A) 040 $aSeMil$bita 100 1 $aDarwin, Erasmus.$0(OLS)http://semarc/name/75782 240 14$aThe loves of the plants.$0(OLS)http://semarc/title/428039 245 14$aGli amori delle piante. Poema con note filosofiche di Erasmo Darwin medico di Derby. Traduzione dall'originale inglese di Giovanni Gherardini medico di Milano. 264 1$aMilano :$bPresso Pirotta e Maspero,$c1805. 300 $axv, [1], 325, [3] p. ;$c8° 700 1 $aGherardini, Giovanni,$d<1778-1861>.$0(OLS)http://semarc/name/2694 710 0 $aPirotta, Giovanni & Maspero, Giuseppe$c.$0(OLS)http://semarc/name/11208 850 $aSeMil 852 $aSeMil$W1$xVenegono$y1$m3XC II 5 FA$j218415$B230349$CSeMilBibl$Z2$F230349 $8I 996 $6245$aGli amori delle piante. Poema con note filosofiche di Erasmo Darwin medico di Derby. Traduzione dall'originale inglese di Giovanni Gherardini medico di Milano$9(OLS)http://semarc/title/428040 996 $6264$aMilano :$bPresso Pirotta e Maspero$9(OLS)http://semarc/publisher/39245